| 000 | 01042nam0a2200301 4500 | ||
|---|---|---|---|
| 001 | RU\NLR\bibl\1711012 | ||
| 005 | 20260405090757.0 | ||
| 010 |
_a978-5-91404-033-5 _91000 |
||
| 035 | _a(NLR Aleph) 001702042 | ||
| 090 |
_a1226550 _c1226550 |
||
| 100 | _a20101209d2010 |||y0rusy50 ca | ||
| 101 | 0 | _arus | |
| 102 | _aRU | ||
| 105 | _ac ||||||||| | ||
| 200 | 1 |
_aВозвращение "Гардарики" _eроман _fИван Сабило _g[послесл. Виктора Н. Кречетова] |
|
| 210 |
_aСанкт-Петербург _cДума _d2010 |
||
| 215 |
_a447, [1] с. _cпортр. _d21 |
||
| 316 |
_aС автогр. авт. _5NLR |
||
| 316 |
_aавтограф _5NLR:2010-3/41001 |
||
| 686 | _aШ6(2=Р)8-440.4 | ||
| 700 | 1 |
_4070 _8rus _7ca _aСабило _bИ.И. _gИван Иванович _f1940 - _3RU\NLR\auth\7732350 _915358 |
|
| 801 | 0 |
_aRU _bNLR _c20101209 _gRCR |
|
| 801 | 1 |
_aRU _bNLR _c20101209 |
|
| 830 | _aавт. по кн. | ||
| 942 | _cBOOK | ||
| 980 | _aNB | ||